Ballenas y delfines / (Registro nro. 2485)
[ vista simple ]
| 000 -CABECERA | |
|---|---|
| Longitud fija campo de control | 00956nam a2200289 a 4500 |
| 003 - • IDENTIFICADOR DELl NÚMERO DE CONTROL | |
| Identificador del número de control | CO-ViMGA |
| 008 - • CÓDIGOS DE INFORMACIÓN DE LONGITUD FIJA | |
| Códigos de información de longitud fija | 141112s2004 ck r 000 u spa d |
| 020 ## - • NÚMERO INTERNACIONAL NORMALIZADO PARA LIBROS | |
| Número Internacional Normalizado para Libros (ISBN) | 9789583033278 |
| 040 ## - FUENTE DE LA CATALOGACIÓN | |
| Centro catalogador de origen | CO-ViMGA |
| Lengua de catalogación | spa |
| Centro transcriptor | CO-ViMGA |
| 041 ## - • CÓDIGO DE LENGUA | |
| Código de lengua del texto/banda sonora o título independiente | SPA |
| 082 04 - • NÚMERO DE LA CLASIFICACIÓN DECIMAL DEWEY | |
| Número de clasificación (R) | 599.5 B14 |
| 245 10 - • TITULO PROPIAMENTE DICHO | |
| Título | Ballenas y delfines / |
| Mención de responsabilidad, etc. | traducción Julio Caycedo Ponce de León |
| 250 ## - • MENCIÓN DE EDICIÓN | |
| Mención de edición | 1a ed. |
| 300 ## - • DESCRIPCIÓN FÍSICA | |
| Extensión | 32 p. ; il. ; col. |
| 490 ## - • MENCIÓN DE SERIE | |
| Mención de serie | La enciclopedia de los animales |
| 500 ## - • NOTA GENERAL | |
| Nota general | Título original de la obra : Whales & dolphins ; Incluye glosario |
| 650 14 - • PUNTO DE ACCESO ADICIONAL DE MATERIA - TÉRMINO DE MATERIA | |
| Término de materia o nombre geográfico como elemento inicial | ANIMALES ACUATICOS |
| 650 14 - • PUNTO DE ACCESO ADICIONAL DE MATERIA - TÉRMINO DE MATERIA | |
| Término de materia o nombre geográfico como elemento inicial | BALLENAS - ALIMENTACION Y ALIMENTOS |
| 650 14 - • PUNTO DE ACCESO ADICIONAL DE MATERIA - TÉRMINO DE MATERIA | |
| Término de materia o nombre geográfico como elemento inicial | BALLENAS - CLASIFICACION |
| 650 14 - • PUNTO DE ACCESO ADICIONAL DE MATERIA - TÉRMINO DE MATERIA | |
| Término de materia o nombre geográfico como elemento inicial | BALLENAS - HABITOS Y CONDUCTA |
| 650 14 - • PUNTO DE ACCESO ADICIONAL DE MATERIA - TÉRMINO DE MATERIA | |
| Término de materia o nombre geográfico como elemento inicial | DELFINES - HABITOS Y CONDUCTA |
| 650 14 - • PUNTO DE ACCESO ADICIONAL DE MATERIA - TÉRMINO DE MATERIA | |
| Término de materia o nombre geográfico como elemento inicial | DESDE LOS 9 AÑOS |
| 700 1# - • PUNTO DE ACCESO ADICIONAL - NOMBRE DE PERSONA | |
| Nombre de persona | Caycedo Ponce de León, Julio |
| 942 ## - ENTRADA DE ELEMENTOS AGREGADOS (KOHA) | |
| Fuente de clasificaión o esquema | Dewey Decimal Classification |
| Koha [por defecto] tipo de item | LIbro |
| Perdido | Fuente de clasificación o esquema | Estado Físico | No para préstamo | Forma de adquisición | Localización permanente | Localización actual | Localización en estanterías | Fecha adquisición | Signatura completa | Código de barras | Fecha última consulta | Número de copia | Fecha del precio de reemplazo | Tipo de item de Koha | Préstamos totales | Serie de enumeración / cronolog&íacute;a | Note pública |
|---|---|---|---|---|---|---|---|---|---|---|---|---|---|---|---|---|---|
| Dewey Decimal Classification | Colección General | Biblioteca Pública José Eustasio Rivera - San Martin | Biblioteca Pública José Eustasio Rivera - San Martin | Sala Infantil | 11/24/2023 | 599.5 B14 | SM02782 | 11/24/2023 | Ej.1 | 11/24/2023 | Libro Infantil | ||||||
| Dewey Decimal Classification | Colección General | Biblioteca Pública Puerto Lleras | Biblioteca Pública Puerto Lleras | Sala Infantil | 12/26/2023 | 599.5 B14 | PLL00964 | 12/26/2023 | Ej.1 | 12/26/2023 | Libro Infantil | ||||||
| Dewey Decimal Classification | Infantil | Biblioteca Pública San Carlos de Guaroa - Eduardo Carranza | Biblioteca Pública San Carlos de Guaroa - Eduardo Carranza | Sala Infantil | 06/30/2023 | 117.122 B5e | SG00785 | 06/30/2023 | Ej.1 | 06/30/2023 | Libro Infantil | ||||||
| Dewey Decimal Classification | Infantil | Biblioteca Pública El Castillo - Alfonso Meneses | Biblioteca Pública El Castillo - Alfonso Meneses | Sala Infantil | 08/15/2023 | 599.5 B14 Ej.1 | EC00171 | 08/15/2023 | Ej.1 | 08/15/2023 | Libro Infantil | ||||||
| Colección Sala Infantil de Literatura Pocatil y Tilín | Biblioteca Pública Departamental Eduardo Carranza - Villavicencio | Biblioteca Pública Departamental Eduardo Carranza - Villavicencio | Sala Infantil | 02/22/2013 | 599.5 B14 | ECA21935 | 11/26/2024 | Ej.1 | 11/26/2024 | LIbro | 16297 | 21077 | ||||||
| Colección Sala Infantil de Literatura Pocatil y Tilín | Biblioteca Pública Departamental Eduardo Carranza - Villavicencio | Biblioteca Pública Departamental Eduardo Carranza - Villavicencio | Sala Infantil | 07/03/2012 | 599.5 B14 | ECA21761 | 11/26/2024 | Ej.1 | 11/26/2024 | LIbro | 16153 | 20905 | ||||||
| Dewey Decimal Classification | Sala Infantil Segundo Piso | Biblioteca Pública Germán Arciniegas - Villavicencio | Biblioteca Pública Germán Arciniegas - Villavicencio | 12/04/2015 | 599.5 B14 | 25874 | 09/30/2022 | Ej. 1 | 12/04/2015 | LIbro | 16/abr/2013 | ||||||
| Dewey Decimal Classification | Sala Infantil Segundo Piso | Biblioteca Pública Germán Arciniegas - Villavicencio | Biblioteca Pública Germán Arciniegas - Villavicencio | 01/16/2020 | 599.5 B14 | 33008 | 01/16/2020 | 01/16/2020 | LIbro | ||||||||
| Dewey Decimal Classification | Sala Infantil Segundo Piso | Biblioteca Pública Germán Arciniegas - Villavicencio | Biblioteca Pública Germán Arciniegas - Villavicencio | 01/16/2020 | 599.5 B14 | 33007 | 01/16/2020 | 01/16/2020 | LIbro | ||||||||
| Dewey Decimal Classification | Infantil | Biblioteca Pública La Macarena | Biblioteca Pública La Macarena | Sala Infantil | 09/09/2024 | 599.5 B14 | LM001741 | 09/09/2024 | Ej.1 | 09/09/2024 | LIbro | ||||||
| Dewey Decimal Classification | Infantil | Biblioteca Pública Mapiripan | Biblioteca Pública Mapiripan | Sala Infantil | 01/25/2024 | 599.5 B14 | MAP00003668 | 01/25/2024 | Ej.1 | 01/25/2024 | LIbro | ||||||
| Dewey Decimal Classification | Infantil | Biblioteca Pública San Juanito - Ernesto Maria Peña Romero | Biblioteca Pública San Juanito - Ernesto Maria Peña Romero | Sala Infantil | 01/22/2025 | 599.5 B14 | SJU01233 | 01/22/2025 | Ej.1 | 01/22/2025 | LIbro |